000 00793nas a2200253 4500
001 BR7306756
003 BR-BrBNA
005 20231205082624.0
007 ta
008 230509b bl.|||p| |||| 00| 00por d
040 _aBR-BrBNA
_bpor
_cBiblioteca Nacional de Agricultura
041 _a(Pt)
072 _aL50; H10
100 1 _aBrunini, O.
100 1 _aSantos, J.M. dos
245 1 _aComportamento de Ascia monuste orseis em funcao da temperatura do ar [Lepidoptera - Pieridae, Brassica oleraceae, couve-flor, couve]
650 _aTEMPERATURA
650 _aINSETO
650 _aCOUVE-FLOR
650 _aCOUVE
773 0 _tCiencia e Cultura (Brazil)
_xISSN 0009-6725
_g(Jun 1976), v. 28(6) p. 681-683
_wBR7306756
909 _a202311
_bLúcia
_c55
_dLúcia Elande
942 _2AGRIS
_n0
_cANA
999 _c93311
_d93311